000
00489nam a2200145Ia 4500
008
100122s9999 xx 000 0 und d
082
_b
52670
_a
923.273
100
_a
आठवले सदाशिव
245
_a
जॉर्ज वॉशिंग्टन
260
_b
गोकुळ मासिक प्रकाशन
_c
1996
300
_a
211
630
_a
जॉर्ज वॉशिंग्टन
730
_a
जॉर्ज वॉशिंग्टन
942
_c
BOOK
999
_c
429838
_d
429835